[Event "ISR-chT"]
[Site "Israel"]
[Date "2002.01.18"]
[Round "2"]
[White "Liss, Gideon"]
[Black "Serebro, Alexsandr"]
[Result "0-1"]
[WhiteElo "2175"]
[BlackElo "2297"]
[PlyCount "70"]
[EventDate "2002.01.10"]
[EventType "team"]
[EventRounds "11"]
[EventCountry "ISR"]
[SourceTitle "EXT 2003"]
[Source "ChessBase"]
[SourceDate "2002.11.25"]
[SourceVersion "1"]
[SourceVersionDate "2002.11.25"]
[SourceQuality "1"]

1. e4 Nf6 2. e5 Nd5 3. Bc4 Nb6 4. Bb3 c5 5. c3 c4 6. Bc2 Nc6 7. Nf3 d6 8. Qe2 Bg4 9. exd6 Qxd6 10. 0-0 e6 11. Na3 Qf4 12. Be4 Bxa3 13. bxa3 Bf5 14. d3 cxd3 15. Bxd3 Bxd3 16. Qxd3 Qc4 17. Qd6 Ne7 18. Nd4 Rd8 19. Qg3 0-0 20. Rb1 Ng6 21. h4 e5 22. Nf5 Qe4 23. Nh6+ gxh6 24. Bxh6 Rd3 25. f3 Re8 26. Rb4 Qf5 27. Rg4 f6 28. Qh3 Qh5 29. Bc1 Kf7 30. Re1 Red8 31. Rg5 Qxh4 32. Qxh4 Nxh4 33. Rh5 Rd1 34. Rxd1 Rxd1+ 35. Kh2 Rxc1 0-1

[Event "ISR-ch 24th"]
[Site "Israel"]
[Date "1988.05.09"]
[Round "14"]
[White "Elyoseph, Harel"]
[Black "Liss, Gideon"]
[Result "1/2-1/2"]
[WhiteElo "2300"]
[BlackElo "2275"]
[PlyCount "109"]
[EventDate "1988.04.26"]
[EventType "tourn"]
[EventRounds "15"]
[EventCountry "ISR"]
[EventCategory "5"]
[SourceTitle "EXT 2000"]
[Source "ChessBase"]
[SourceDate "1999.11.16"]
[SourceVersion "1"]
[SourceVersionDate "1999.11.16"]
[SourceQuality "1"]

1. e4 c5 2. Nf3 g6 3. c3 Bg7 4. d4 cxd4 5. cxd4 d5 6. exd5 Nf6 7. Bb5+ Nbd7 8. d6 exd6 9. Qe2+ Qe7 10. Bf4 Qxe2+ 11. Bxe2 d5 12. Nc3 a6 13. 0-0 0-0 14. Rfe1 Nb8 15. Ne5 Be6 16. Bf3 Rc8 17. Bg5 Rd8 18. Rac1 Nc6 19. Nxc6 bxc6 20. Na4 h6 21. Bf4 g5 22. Bc7 Rdc8 23. Be5 Nd7 24. Bxg7 Kxg7 25. Rc3 Rab8 26. a3 Nb6 27. Nc5 Nd7 28. Nxe6+ fxe6 29. Rxe6 Rxb2 30. h3 Nf6 31. Rexc6 Rxc6 32. Rxc6 Rd2 33. Rxa6 Rxd4 34. Ra7+ Kg6 35. a4 h5 36. a5 g4 37. hxg4 hxg4 38. Be2 Rd2 39. Kf1 Ra2 40. Bd3+ Ne4 41. Rd7 Kf6 42. Bxe4 dxe4 43. Rd5 g3 44. fxg3 e3 45. g4 Rf2+ 46. Kg1 Ra2 47. Rf5+ Kg6 48. Kf1 Kg7 49. g3 Kg6 50. Rb5 Kh6 51. g5+ Kh5 52. Ke1 Kg6 53. g4 Kg7 54. Rb7+ Kg6 55. Ra7 1/2-1/2

[Event "ISR-ch 24th"]
[Site "Israel"]
[Date "1988.05.07"]
[Round "12"]
[White "Bruk, Ofer"]
[Black "Liss, Gideon"]
[Result "1-0"]
[WhiteElo "2340"]
[BlackElo "2275"]
[PlyCount "61"]
[EventDate "1988.04.26"]
[EventType "tourn"]
[EventRounds "15"]
[EventCountry "ISR"]
[EventCategory "5"]
[SourceTitle "EXT 2000"]
[Source "ChessBase"]
[SourceDate "1999.11.16"]
[SourceVersion "1"]
[SourceVersionDate "1999.11.16"]
[SourceQuality "1"]

1. c4 e5 2. Nc3 Nf6 3. g3 d5 4. cxd5 Nxd5 5. Bg2 Nb6 6. d3 Be7 7. Nf3 Nc6 8. 0-0 0-0 9. Be3 f5 10. Na4 Nxa4 11. Qxa4 Be6 12. Rac1 Qd7 13. Rfd1 Bf6 14. Nd2 Bd5 15. Ne4 Be7 16. Qb5 Rad8 17. Nc5 Bxc5 18. Bxd5+ Qxd5 19. Rxc5 Qf7 20. Qxb7 f4 21. Rxc6 fxe3 22. f3 Rb8 23. Qxa7 Rxb2 24. Rxc7 Qf6 25. Qxe3 Rxa2 26. Rc5 Re8 27. d4 Qa6 28. Rxe5 Rxe5 29. dxe5 Rxe2 30. Rd8+ Kf7 31. Qf4+ 1-0

[Event "ISR-ch 24th"]
[Site "Israel"]
[Date "1988.05.05"]
[Round "10"]
[White "Liberzon, Vladimir Mikhailovi"]
[Black "Liss, Gideon"]
[Result "1-0"]
[WhiteElo "2460"]
[BlackElo "2275"]
[PlyCount "85"]
[EventDate "1988.04.26"]
[EventType "tourn"]
[EventRounds "15"]
[EventCountry "ISR"]
[EventCategory "5"]
[SourceTitle "EXT 2000"]
[Source "ChessBase"]
[SourceDate "1999.11.16"]
[SourceVersion "1"]
[SourceVersionDate "1999.11.16"]
[SourceQuality "1"]

1. e4 e5 2. Nf3 Nc6 3. Bb5 f5 4. Nc3 Nf6 5. exf5 e4 6. Ng5 d5 7. d3 h6 8. Ne6 Bxe6 9. fxe6 Qd6 10. dxe4 Qxe6 11. Bxc6+ bxc6 12. 0-0 dxe4 13. Re1 Bc5 14. Be3 Bxe3 15. Rxe3 0-0 16. Qe2 Rab8 17. Nxe4 Rxb2 18. Nxf6+ Qxf6 19. Qc4+ Qf7 20. Rc3 Rfb8 21. g3 Qxc4 22. Rxc4 R8b6 23. a3 Rb1+ 24. Rxb1 Rxb1+ 25. Kg2 Rb6 26. h4 g6 27. g4 Kf7 28. Kg3 Ke6 29. f4 Kd5 30. Rc3 Rb1 31. f5 Rg1+ 32. Kf4 Rf1+ 33. Rf3 Rxf3+ 34. Kxf3 gxf5 35. gxf5 Ke5 36. Kg4 a6 37. a4 a5 38. c3 c5 39. c4 c6 40. h5 Kd6 41. Kf4 Ke7 42. Ke5 Kf7 43. f6 1-0

[Event "ISR-ch 24th"]
[Site "Israel"]
[Date "1988.05.04"]
[Round "9"]
[White "Liss, Gideon"]
[Black "Cnaan, Moshe"]
[Result "0-1"]
[WhiteElo "2275"]
[BlackElo "2285"]
[PlyCount "78"]
[EventDate "1988.04.26"]
[EventType "tourn"]
[EventRounds "15"]
[EventCountry "ISR"]
[EventCategory "5"]
[SourceTitle "EXT 2000"]
[Source "ChessBase"]
[SourceDate "1999.11.16"]
[SourceVersion "1"]
[SourceVersionDate "1999.11.16"]
[SourceQuality "1"]

1. e4 c5 2. Nf3 d6 3. d4 cxd4 4. Nxd4 Nf6 5. Nc3 a6 6. Bg5 e6 7. f4 Be7 8. Qf3 Qc7 9. 0-0-0 Nbd7 10. Bd3 b5 11. Rhe1 Bb7 12. Qg3 b4 13. Nd5 exd5 14. Nf5 dxe4 15. Nxe7 Kxe7 16. Bxe4 Bxe4 17. Rxe4+ Kf8 18. Rxb4 h6 19. Bh4 a5 20. Rbd4 Rc8 21. R1d2 d5 22. Re2 Kg8 23. Qd3 Nc5 24. Qh3 Nce4 25. Qf5 g6 26. Qe5 Qxe5 27. fxe5 Nh5 28. g3 g5 29. Rxd5 Nc5 30. Re3 Ng7 31. a3 a4 32. Rc3 Nge6 33. Kb1 Kh7 34. b4 axb3 35. cxb3 gxh4 36. gxh4 Ne4 37. Rxc8 Rxc8 38. Kb2 Kg6 39. b4 Rd8 0-1

[Event "ISR-ch 24th"]
[Site "Israel"]
[Date "1988.05.02"]
[Round "7"]
[White "Liss, Gideon"]
[Black "Veinger, Itzhak"]
[Result "1/2-1/2"]
[WhiteElo "2275"]
[BlackElo "2425"]
[PlyCount "138"]
[EventDate "1988.04.26"]
[EventType "tourn"]
[EventRounds "15"]
[EventCountry "ISR"]
[EventCategory "5"]
[SourceTitle "EXT 2000"]
[Source "ChessBase"]
[SourceDate "1999.11.16"]
[SourceVersion "1"]
[SourceVersionDate "1999.11.16"]
[SourceQuality "1"]

1. e4 e6 2. d3 c5 3. Nf3 Nc6 4. g3 d6 5. Bg2 Nf6 6. 0-0 Be7 7. Re1 Qc7 8. c3 0-0 9. d4 cxd4 10. cxd4 d5 11. e5 Ne4 12. a3 Bd7 13. Nbd2 Nxd2 14. Bxd2 Qb6 15. Bc3 a5 16. b3 Rfc8 17. Bb2 Na7 18. Bf1 Bb5 19. Bd3 Bxd3 20. Qxd3 a4 21. b4 Nc6 22. Bc3 Rc7 23. Rec1 Rac8 24. Qd2 Na7 25. Bb2 Rc4 26. Rxc4 Rxc4 27. Qd1 Qb5 28. Rc1 Nc6 29. Ra1 Na5 30. Nd2 Rc7 31. Rc1 Nc4 32. Nxc4 dxc4 33. Bc3 Qc6 34. Qe2 b5 35. Re1 Kf8 36. Qg4 g6 37. f3 h5 38. Qe4 Qxe4 39. fxe4 f6 40. Rf1 f5 41. d5 Rd7 42. exf5 gxf5 43. d6 Bg5 44. Kf2 Ke8 45. h3 Rg7 46. Kf3 Kd7 47. Rd1 h4 48. Rg1 Bh6 49. g4 fxg4+ 50. Rxg4 Rxg4 51. hxg4 Bc1 52. Kg2 Kc6 53. Kh3 Bg5 54. Be1 Kd5 55. d7 Kc6 56. Bd2 Bd8 57. g5 Kxd7 58. Kxh4 Bb6 59. Kh5 Bd4 60. Bf4 c3 61. g6 Ke7 62. Kh6 c2 63. Kh7 Bxe5 64. Bc1 Kd6 65. g7 Bxg7 66. Kxg7 Kd5 67. Kf6 e5 68. Kf5 Kd4 69. Bb2+ Kd5 1/2-1/2

[Event "ISR-ch 24th"]
[Site "Israel"]
[Date "1988.04.30"]
[Round "5"]
[White "Liss, Gideon"]
[Black "Lev, Ronen"]
[Result "1/2-1/2"]
[WhiteElo "2275"]
[BlackElo "2390"]
[PlyCount "162"]
[EventDate "1988.04.26"]
[EventType "tourn"]
[EventRounds "15"]
[EventCountry "ISR"]
[EventCategory "5"]
[SourceTitle "EXT 2000"]
[Source "ChessBase"]
[SourceDate "1999.11.16"]
[SourceVersion "1"]
[SourceVersionDate "1999.11.16"]
[SourceQuality "1"]

1. e4 e6 2. d3 c5 3. Nf3 Nc6 4. g3 g6 5. Bg2 Bg7 6. 0-0 Nge7 7. c3 d5 8. Nbd2 b6 9. Re1 Qc7 10. Nf1 0-0 11. Bf4 e5 12. exd5 exf4 13. dxc6 Nxc6 14. gxf4 Qxf4 15. N3d2 Bg4 16. Qc2 Bd7 17. Re4 Qg5 18. Nf3 Qd8 19. Ng3 Be6 20. Rae1 Bd5 21. R4e2 Rc8 22. Ne4 h6 23. a3 Kh8 24. Kh1 Qd7 25. Qa4 Be6 26. Re3 a5 27. Ned2 Qc7 28. Nh4 Ne5 29. h3 Bd7 30. Qd1 g5 31. Qh5 Nc6 32. Nhf3 Kg8 33. Nxg5 hxg5 34. Be4 Rfe8 35. Qxg5 Re5 36. Qh4 Qd8 37. Qh7+ Kf8 38. Nc4 Qf6 39. Nxb6 Rd8 40. Rg1 Rxe4 41. dxe4 Qh6 42. Nxd7+ Rxd7 43. Qf5 Qd6 44. f4 Ne7 45. Qg4 Bh6 46. Ree1 Qc6 47. f5 Qf6 48. Qg3 Qd6 49. f6 Ng6 50. Qg4 Rd8 51. Qh5 Bd2 52. Rd1 Ke8 53. Rg2 Qxf6 54. Qf5 Qh4 55. e5 Bf4 56. Rxd8+ Kxd8 57. e6 Qe1+ 58. Rg1 Qe2 59. Qd5+ Kc7 60. Qxc5+ Kb7 61. Qd5+ Kb6 62. Qd4+ Ka6 63. Rg2 Qf1+ 64. Qg1 Qf3 65. exf7 Qxh3+ 66. Rh2 Qf3+ 67. Qg2 Qd1+ 68. Qg1 Qd5+ 69. Qg2 Qd1+ 70. Qg1 Qd3 71. Rf2 Qh3+ 72. Rh2 Bxh2 73. Qxg6+ Bd6+ 74. Kg1 Qe3+ 75. Kg2 Qe2+ 76. Kg1 Qe1+ 77. Kg2 Qd2+ 78. Kf3 Qd5+ 79. Kg4 Ka7 80. Qf5 Qd1+ 81. Qf3 Qxf3+ 1/2-1/2

[Event "ISR-ch 24th"]
[Site "Israel"]
[Date "1988.04.28"]
[Round "3"]
[White "Liss, Gideon"]
[Black "Peretz, Malkiel"]
[Result "0-1"]
[WhiteElo "2275"]
[BlackElo "2345"]
[PlyCount "92"]
[EventDate "1988.04.26"]
[EventType "tourn"]
[EventRounds "15"]
[EventCountry "ISR"]
[EventCategory "5"]
[SourceTitle "EXT 2000"]
[Source "ChessBase"]
[SourceDate "1999.11.16"]
[SourceVersion "1"]
[SourceVersionDate "1999.11.16"]
[SourceQuality "1"]

1. e4 c5 2. Nf3 Nc6 3. Bb5 g6 4. 0-0 Bg7 5. c3 Nf6 6. Re1 0-0 7. d4 cxd4 8. cxd4 d5 9. e5 Ne4 10. Nc3 Nxc3 11. bxc3 Na5 12. Bg5 a6 13. Bd3 Bd7 14. Nd2 Rc8 15. Rc1 Rc7 16. Qf3 Be6 17. Qg3 Qd7 18. Nb3 Nxb3 19. axb3 Rfc8 20. Bd2 Rc6 21. b4 Rb6 22. Ra1 Bf5 23. Be2 Qe8 24. Ra5 e6 25. Bd1 Rbc6 26. Ba4 b5 27. Bb3 Qd8 28. Rea1 Bh6 29. f4 Qb6 30. h3 Bf8 31. Qe3 Be4 32. Kh2 Be7 33. g4 h6 34. Qg3 Qc7 35. Rc1 Bxb4 36. Ra2 Bxc3 37. Be3 a5 38. f5 a4 39. Bd1 Be1 40. Qxe1 Rxc1 41. Bxc1 Qxc1 42. fxe6 Qf4+ 43. Kg1 fxe6 44. Qf2 Qc1 45. Qd2 Qxd2 46. Rxd2 Rc3 0-1

[Event "ISR-ch 24th"]
[Site "Israel"]
[Date "1988.04.26"]
[Round "1"]
[White "Lahav, Ehud"]
[Black "Liss, Gideon"]
[Result "1-0"]
[WhiteElo "2340"]
[BlackElo "2275"]
[PlyCount "93"]
[EventDate "1988.04.26"]
[EventType "tourn"]
[EventRounds "15"]
[EventCountry "ISR"]
[EventCategory "5"]
[SourceTitle "EXT 2000"]
[Source "ChessBase"]
[SourceDate "1999.11.16"]
[SourceVersion "1"]
[SourceVersionDate "1999.11.16"]
[SourceQuality "1"]

1. d4 b5 2. Nf3 Bb7 3. Bf4 d6 4. e3 a6 5. c3 g6 6. a4 bxa4 7. Qxa4+ Nd7 8. Nbd2 Ngf6 9. Nc4 Qb8 10. Be2 Bg7 11. 0-0 0-0 12. Nfd2 Nb6 13. Qc2 Nfd5 14. Bg3 f5 15. Bf3 Nxc4 16. Nxc4 Nf6 17. Bxb7 Qxb7 18. Na5 Qb6 19. h3 Nh5 20. Bh2 f4 21. exf4 Nxf4 22. Bxf4 Rxf4 23. Qe2 d5 24. b4 e5 25. dxe5 Re4 26. Qd3 Rxe5 27. Nb3 Bf8 28. Ra5 c6 29. Rfa1 Bd6 30. Nc5 Rae8 31. g3 Re1+ 32. Rxe1 Rxe1+ 33. Kg2 Bxc5 34. Rxc5 Re7 35. Qd4 Re6 36. h4 h5 37. Qd3 Rf6 38. Qe2 d4 39. Qc4+ Kg7 40. Qxd4 Qb7 41. Kg1 Qc8 42. Re5 Kf7 43. Qa7+ Kg8 44. Re7 Qd8 45. Rg7+ Kf8 46. Rh7 Ke8 47. Qe3+ 1-0